01482nam a22002177a 450000500170000000800410001702000180005804000070007604100120008308200200009510000230011524500470013826000360018530000270022136500560024852007620030470000270106694200120109399900190110595201400112420260122145806.0260122b |||||||| |||| 00| 0 eng d a9780143450382 cAL aEnglish a658.15224bNATF aDhruv Nath9252236 aFunding your start up and other nightmares aHaryanabPenguin Businessc2025 axi,243p.bPBc21x14cm. aBOM5-7455949b₹296.50c₹d₹312.00f14-01-2026 aAre you finding it tough to fund y our start-up? Especially in the post-COVID-19 world, where money is scarce? Well, then, this book is for you. It takes you through stories of early-stage start-ups and how they successfully managed to raise funding. Even better, it takes you through stories of failures-start-ups that couldn't raise funding, and why. After all, you can learn as much from failures as you can from successes. The authors also inter view some of the most accomplished founders in the world of business, such as Deep Kalra of MakeMyTrip, Yashish Dahiya of PolicyBazaar, Dinesh Agarwal of IndiaMART and Sairee Chahal of SHEROES. Their stories all come together in a useful 'PERSISTENT' framework, which helps make a start-up investment-ready. aSushanto Mitra9252171 2ddccBK c240810d240810 00102ddc40708MANaALbALcSKd2026-01-21eamazon.ing296.50l0o658.15224 NATFp078066r2026-01-22 10:21:54v312.00w2026-01-14yBK